00679cam a22002173a 450000100060000000300060000600500170001200800410002904000150007004200070008505000070009224501090009926000290020850600300023751600200026765300250028765300350031265300430034783000290039085600420041926656PGUSA20140828083556.0080919s2008||||xxu|||||s|||||000 | eng d aPGUSAbeng adc 4aQL10aBirds, Illustrated by Color Photography, Vol. 2, No. 2 :bAugust, 1897h[electronic resource] /cVarious bProject Gutenberg,c2008 aPublic domain in the USA. aElectronic text aBirds -- Periodicals aNatural history -- Periodicals aZoological illustration -- Periodicals 0aProject Gutenbergv2665640uhttp://www.gutenberg.org/ebooks/26656